000 00668nam a2200229 a 4500
008 951214s1988||||[C 0 slo c
020 _c17 Kčs.
_q(6500 výtl.)
040 _aSNK
_bslo
_cSNK
_eAACR2
041 1 _aslo
_hslo
044 _axo
_cSK
080 _a885.4-3
100 1 _aFerko, Milan
_4aut
245 1 0 _aOtváranie studničiek
_cMilan Ferko ; Pavol Blažo, Ľubomír Ferko
250 _a1., vyd.
260 _aBratislava
_bSlovenský spisovateľ
_c1988
_eŽilina
_fPravda
300 _a152 s., 7,91 AH
_c20 cm
490 0 _aNová próza
500 _aIlustr. na front.
700 1 _aBlažo, Pavol
_4bkd
700 1 _aFerko, Ľubomír
_4bkd
958 _aA
999 _c10618
_d10618